000 00326nam a22001457a 4500
008 221118b ||||| |||| 00| 0 eng d
020 _a21869895
041 _aeng
080 _22ND EDITION
_a610.73
082 _a610.73 SCO
100 _a8
101 _aINF
245 _aNURSING ADMINISTRATION
_cSCOTT E
942 _2udc
_cBK
999 _c58940
_d58940